<?xml version="1.0" encoding="UTF-8"?>
<record
    xmlns:xsi="http://www.w3.org/2001/XMLSchema-instance"
    xsi:schemaLocation="http://www.loc.gov/MARC21/slim http://www.loc.gov/standards/marcxml/schema/MARC21slim.xsd"
    xmlns="http://www.loc.gov/MARC21/slim">

  <leader>01818    a2200241   4500</leader>
  <controlfield tag="001">15</controlfield>
  <controlfield tag="005">20260407155402.0</controlfield>
  <controlfield tag="008">260407a2007    arg                 spa d</controlfield>
  <controlfield tag="003">AR-UNSa-BCEJYS</controlfield>
  <datafield tag="040" ind1=" " ind2=" ">
    <subfield code="a">AR-UNSa-BCEJYS</subfield>
    <subfield code="b">spa</subfield>
    <subfield code="c">AR-UNSa-BCEJYS</subfield>
  </datafield>
  <datafield tag="080" ind1=" " ind2=" ">
    <subfield code="a">001.8</subfield>
    <subfield code="x">Metodolog&#xED;a. Estudio general del m&#xE9;todo. Procedimientos cient&#xED;ficos y t&#xE9;cnicos para el estudio, La investigaci&#xF3;n y la discusi&#xF3;n</subfield>
  </datafield>
  <datafield tag="245" ind1="1" ind2="0">
    <subfield code="a">Metodolog&#xED;as cualitativas en ciencias sociales</subfield>
    <subfield code="p">modelos y procedimientos de an&#xE1;lisis</subfield>
  </datafield>
  <datafield tag="020" ind1=" " ind2=" ">
    <subfield code="a">950-786-415-6</subfield>
  </datafield>
  <datafield tag="250" ind1=" " ind2=" ">
    <subfield code="a">2a. ed.</subfield>
  </datafield>
  <datafield tag="264" ind1=" " ind2="1">
    <subfield code="a">Buenos Aires :</subfield>
    <subfield code="b">Biblos</subfield>
    <subfield code="c">2007</subfield>
  </datafield>
  <datafield tag="300" ind1=" " ind2=" ">
    <subfield code="a">206 p.</subfield>
    <subfield code="c">23 cm.</subfield>
  </datafield>
  <datafield tag="505" ind1=" " ind2=" ">
    <subfield code="a">1. Historias y relatos de vida: una herramienta Clave en metodolog&#xED;as cualitativas - 2. Ensamblando las voces: los actores en el texto sociol&#xF3;gico - 3. La teor&#xED;a fundamentada: su aplicaci&#xF3;n en una investigaci&#xF3;n sobre vida cotidiana con VIH/sida y con hepatitis C - 4. La agenda de la opini&#xF3;n p&#xFA;blica a trav&#xE9;s de la discusi&#xF3;n grupal. Una t&#xE9;cnica de investigaci&#xF3;n cualitativa: el grupo focal - 5. Representaciones sociales: una teor&#xED;a metodol&#xF3;gicamente pluralista - 6. Algunos instrumentos para el an&#xE1;lisis de las noticias en los medios gr&#xE1;ficos - 7. Una mirada desde el an&#xE1;lisis del discurso al g&#xE9;nero de la "mesa redonda": el encuentro de Urondo, Portantiero, Benedetti y Walsh en Cuba - 8. Verbo y situaci&#xF3;n comunicativa: los tiempos m&#xE1;s all&#xE1; del tiempo - 9. Entre el poder del discurso y el discurso del poder: aproximaciones te&#xF3;ricas y metodol&#xF3;gicas al estudio del discurso pol&#xED;tico</subfield>
  </datafield>
  <datafield tag="041" ind1=" " ind2=" ">
    <subfield code="a">spa</subfield>
  </datafield>
  <datafield tag="942" ind1=" " ind2=" ">
    <subfield code="c">BK</subfield>
  </datafield>
  <datafield tag="590" ind1=" " ind2=" ">
    <subfield code="a">niveau_biblio:m niveau_hierar:0</subfield>
  </datafield>
  <datafield tag="100" ind1="1" ind2=" ">
    <subfield code="a">Kornblit, Ana Lidia</subfield>
  </datafield>
  <datafield tag="856" ind1="4" ind2="1">
    <subfield code="u">https://biblioeco.unsa.edu.ar/pmb/images/libros/Metodologias cualitativas en ciencias sociales2-l116821.jpg</subfield>
    <subfield code="y">Imagen de portada</subfield>
    <subfield code="q">image/jpeg</subfield>
  </datafield>
  <datafield tag="999" ind1=" " ind2=" ">
    <subfield code="c">12</subfield>
    <subfield code="d">12</subfield>
  </datafield>
  <datafield tag="952" ind1=" " ind2=" ">
    <subfield code="0">0</subfield>
    <subfield code="1">0</subfield>
    <subfield code="4">0</subfield>
    <subfield code="7">0</subfield>
    <subfield code="a">BCEJYS</subfield>
    <subfield code="b">BCEJYS</subfield>
    <subfield code="c">16</subfield>
    <subfield code="d">2026-04-07</subfield>
    <subfield code="l">0</subfield>
    <subfield code="o">001.8 K84 2ed.</subfield>
    <subfield code="p">L116820</subfield>
    <subfield code="r">2026-04-07 15:54:02</subfield>
    <subfield code="w">2026-04-07</subfield>
    <subfield code="y">L</subfield>
  </datafield>
  <datafield tag="952" ind1=" " ind2=" ">
    <subfield code="0">0</subfield>
    <subfield code="1">0</subfield>
    <subfield code="4">0</subfield>
    <subfield code="7">0</subfield>
    <subfield code="a">BCEJYS</subfield>
    <subfield code="b">BCEJYS</subfield>
    <subfield code="c">16</subfield>
    <subfield code="d">2026-04-07</subfield>
    <subfield code="l">0</subfield>
    <subfield code="o">001.8 K84 2ed.</subfield>
    <subfield code="p">L116821</subfield>
    <subfield code="r">2026-04-07 15:54:02</subfield>
    <subfield code="w">2026-04-07</subfield>
    <subfield code="y">L</subfield>
  </datafield>
</record>
